Türkiye'nin Ortadoğu'ya yönelik dış politikası ve Kürt sorunu /
Saved in:
| Main Author: | |
|---|---|
| Format: | Book |
| Language: | Turkish |
| Published: |
Ankara :
Türk Demokrasi Vakfı,
1995.
|
| Subjects: | |
| Tags: |
Add Tag
No Tags, Be the first to tag this record!
|
| LEADER | 00777nam a2200241 a 4500 | ||
|---|---|---|---|
| 001 | 007769343-4 | ||
| 005 | 20020606104010.5 | ||
| 008 | 980421s1995 tu b 000|0 tur d | ||
| 035 | 0 | |a ocm39835055 | |
| 040 | |a PUL |c PUL | ||
| 043 | |a a-tu--- |a aw----- | ||
| 050 | 4 | |a DR435.K87 |b B332 1995 | |
| 100 | 1 | |a Bahçacı, Cınar. | |
| 245 | 1 | 0 | |a Türkiye'nin Ortadoğu'ya yönelik dış politikası ve Kürt sorunu / |c Çınar Bahçacı. |
| 260 | |a Ankara : |b Türk Demokrasi Vakfı, |c 1995. | ||
| 300 | |a 61 p. ; |c 20 cm. | ||
| 504 | |a Includes bibliographical references. | ||
| 650 | 0 | |a Kurds |z Turkey |x Politics and government. | |
| 650 | 0 | |a Kurds |z Middle East |x Politics and government. | |
| 651 | 0 | |a Turkey |x Foreign relations. | |
| 752 | |a Turkey |d Ankara. | ||
| 988 | |a 20020608 | ||
| 906 | |0 OCLC | ||


